[Event "AUS-ch Major"]
[Site "Cammeray"]
[Date "2018.01.05"]
[Round "5"]
[White "Stokes, Mark"]
[Black "Ball, Christopher"]
[Result "0-1"]
[WhiteElo "1780"]
[BlackElo "1874"]
[PlyCount "40"]
[EventDate "2018.01.02"]
[EventType "swiss"]
[EventRounds "11"]
[EventCountry "AUS"]
[SourceTitle "CBM 182 Extra"]
[Source "ChessBase"]
[SourceDate "2018.02.23"]
[SourceVersion "1"]
[SourceVersionDate "2018.02.23"]
[SourceQuality "1"]

1. d4 Nf6 2. Bg5 c5 3. d5 d6 4. Nc3 Bf5 5. f3 Nbd7 6. e4 Bg6 7. Nge2 e6 8. Nf4 e5 9. Nxg6 hxg6 10. Bd3 Be7 11. Qd2 Nxd5 12. Bxe7 Nxe7 13. Nb5 Nb6 14. c4 a6 15. Nc3 Nc6 16. Nd5 Nxd5 17. exd5 Nd4 18. f4 Qh4+ 19. g3 Qxg3+ 20. Qf2 Qxd3 0-1

[Event "Oceania zt"]
[Site "Cammeray"]
[Date "2015.07.08"]
[Round "7"]
[White "Ball, Christopher"]
[Black "Halpin, Patrick"]
[Result "1/2-1/2"]
[WhiteElo "1861"]
[BlackElo "2155"]
[PlyCount "67"]
[EventDate "2015.07.04"]
[EventType "swiss"]
[EventRounds "9"]
[EventCountry "AUS"]
[SourceTitle "CBM 167 Extra"]
[Source "ChessBase"]
[SourceDate "2015.09.14"]
[SourceVersion "1"]
[SourceVersionDate "2015.09.14"]
[SourceQuality "1"]

1. d4 Nc6 2. Nf3 d5 3. c4 e5 4. Nxe5 Nxe5 5. dxe5 d4 6. g3 Ne7 7. Nd2 Nc6 8. Nf3 Be6 9. b3 Bb4+ 10. Bd2 Bc5 11. Bg2 Qd7 12. 0-0 a5 13. Ne1 Bh3 14. Nd3 Bxg2 15. Kxg2 Be7 16. Qc2 h5 17. Nf4 Nxe5 18. Qe4 Nc6 19. Nd5 0-0-0 20. Bf4 Bd6 21. Bxd6 Qxd6 22. Qf4 Qxf4 23. Nxf4 h4 24. Rad1 Rde8 25. Rd2 g5 26. Nd5 h3+ 27. Kg1 Rh6 28. f4 Rhe6 29. fxg5 Rxe2 30. Rxe2 Rxe2 31. Rxf7 Ne5 32. g6 Nxg6 33. Rf2 Re1+ 34. Rf1 1/2-1/2

[Event "AUS-ch Minor"]
[Site "Cammeray"]
[Date "2013.01.07"]
[Round "6"]
[White "Ball, Christopher"]
[Black "Beahan, Patrick"]
[Result "1-0"]
[WhiteElo "1577"]
[BlackElo "1544"]
[PlyCount "143"]
[EventDate "2013.01.02"]
[EventType "swiss"]
[EventRounds "11"]
[EventCountry "AUS"]
[SourceTitle "EXT 2022"]
[Source "ChessBase"]
[SourceDate "2021.10.06"]
[SourceVersion "1"]
[SourceVersionDate "2021.10.06"]
[SourceQuality "1"]

1. b3 e5 2. Bb2 Nc6 3. e3 d5 4. Bb5 Bd6 5. Nf3 Bg4 6. h3 Bxf3 7. Qxf3 Nf6 8. c4 0-0 9. cxd5 Nb4 10. Na3 Nbxd5 11. e4 Nb6 12. 0-0 Qe7 13. Nc4 Nxc4 14. Bxc4 c6 15. a4 Rfd8 16. Bc3 Bb4 17. Rfd1 Bxc3 18. dxc3 Rxd1+ 19. Rxd1 Rd8 20. Rxd8+ Qxd8 21. Qd3 Qxd3 22. Bxd3 Kf8 23. Kf1 Nd7 24. Bc2 Ke7 25. Ke2 g6 26. Kf3 a6 27. a5 c5 28. b4 c4 29. Bd1 b5 30. axb6 Nxb6 31. Ke3 Kd6 32. Be2 Kc6 33. Kd2 Kb5 34. Kc2 Na4 35. Bg4 Nb6 36. h4 h5 37. Be2 Nd7 38. Kd2 Nf6 39. f3 Ne8 40. g3 Nd6 41. Bd1 a5 42. bxa5 Kxa5 43. Bc2 f6 44. Ke3 Nb5 45. Kd2 Nd6 46. f4 Nf7 47. Ke3 Kb5 48. Bd1 Ka5 49. f5 gxf5 50. Bxh5 Nd6 51. Bf3 Ka4 52. h5 Nf7 53. exf5 Kb3 54. Bd5 Ng5 55. Kd2 e4 56. h6 e3+ 57. Kxe3 Kxc3 58. g4 Kb4 59. Kd2 Kc5 60. Bg8 Ne4+ 61. Kc2 Ng5 62. h7 Nxh7 63. Bxh7 Kd4 64. Bg6 Ke5 65. Kc3 Kf4 66. Bh5 Ke5 67. Kxc4 Kf4 68. Kd5 Kg5 69. Ke6 Kh6 70. Kxf6 Kh7 71. g5 Kh8 72. Ke7 1-0

[Event "AUS-ch Minor"]
[Site "Cammeray"]
[Date "2013.01.03"]
[Round "2"]
[White "Ball, Christopher"]
[Black "Gardiner Garden, Aelfric"]
[Result "1-0"]
[WhiteElo "1577"]
[BlackElo "1311"]
[PlyCount "75"]
[EventDate "2013.01.02"]
[EventType "swiss"]
[EventRounds "11"]
[EventCountry "AUS"]
[SourceTitle "EXT 2022"]
[Source "ChessBase"]
[SourceDate "2021.10.06"]
[SourceVersion "1"]
[SourceVersionDate "2021.10.06"]
[SourceQuality "1"]

1. e4 d5 2. exd5 Qxd5 3. Nc3 Qd6 4. d4 Nf6 5. Nf3 a6 6. Bc4 b5 7. Bb3 Bb7 8. 0-0 e6 9. Re1 Be7 10. Ne5 0-0 11. Bf4 Nbd7 12. Ng6 e5 13. dxe5 Qxd1 14. Nxe7+ Kh8 15. Raxd1 Nh5 16. Rxd7 Nxf4 17. f3 b4 18. Ncd5 Ne6 19. Nxc7 Nc5 20. Nxa8 Nxd7 21. Nc7 Nc5 22. Bd5 Rb8 23. Bxb7 Rxb7 24. Rd1 g6 25. Ncd5 Rd7 26. Nc6 Ne6 27. Ne3 Rc7 28. Nxb4 a5 29. Nbd5 Rb7 30. b3 Kg7 31. a4 Nd8 32. Nc4 Nc6 33. f4 Rd7 34. Kf2 Nb4 35. Nde3 Ra7 36. c3 Na2 37. Nd5 h5 38. Ra1 1-0